000 00361nam a2200145Ia 4500
005 20250324133721.0
008 240331s9999 xx 000 0 und d
082 _bKUM
_a894
100 _aKumaralingam,C
245 0 _aSendamil nadenum pothiniley
260 _aChennai
_bManimahalai pirasuram
_c2007
300 _a112 p .,
650 _aShort Stories
942 _cL
999 _c4580
_d4580